LEADER 01037nam a2200217 i 4500 001 000000030267 003 CaOOAMICUS 005 20250129114636.0 008 180830s1887 it u000 u ita u 040 $aSeMil$bita 100 1 $aCapecelatro, Alfonso,$c.$0(OLS)http://semarc/name/89171 245 13$aLa vita di Gesù Cristo /$cAlfonso Capecelatro. 260 $aRoma ; Tournay :$bTipografia liturgica di S. Giovanni Desclée, Lefebvre e C.,$c1887. 300 $a2 v. ;$c22 cm. 650 4$aGesù Cristo - Vita.$0(OLS)http://semarc/subject/415 773 0 $aCapecelatro, Alfonso $tOpere di Alfonso Capecelatro.$dRoma ; Tournay : Tipografia liturgica di S. giovanni Desclée, Lefebvre e C., 1886-$g5-6$w()1377 774 0 $t1.$g1$w()231587 774 0 $t2.$g2$w()231588 996 $6245$aLa vita di Gesù Cristo$9(OLS)http://semarc/title/40176 996 $6260$aRoma ; Tournay :$bTipografia liturgica di S. Giovanni Desclée, Lefebvre e C.$9(OLS)http://semarc/publisher/38451 LEADER 01076nam a2200253 i 4500 001 000000045143 003 CaOOAMICUS 005 20091117000000.0 008 091117s1983 it u000 u ita u 013 $a16313 020 $a88-211-7609-6 040 $aSeMil$bita 100 1 $aColzani, Gianni,$d<1940- >.$0(OLS)http://semarc/name/3154 245 13$aLa comunione dei santi :$bunità di cristologia e di ecclesiologia /$cGianni Colzani. 260 $aCasale Monferrato :$bMarietti,$c1983. 300 $a92 p. ;$c20 cm. 490 0 $aCronache teologiche ;$v10 650 4$aComunione dei santi.$0(OLS)http://semarc/subject/7418 830 0$aCronache teologiche ;$v10.$0(OLS)http://semarc/title/11017 850 $aSeMil 852 $aSeMil$W1$xVenegono$y1$m2B V 331$j11298$B11298$CSeMilBibl$Z2$F11298 $81 996 $6020$a88-211-7609-6$9(OLS)http://semarc/number/17242 996 $6245$aLa comunione dei santi :$bunità di cristologia e di ecclesiologia$9(OLS)http://semarc/title/67038 996 $6260$aCasale Monferrato :$bMarietti$9(OLS)http://semarc/publisher/29936